zpět

Detail výsledku týmu

U Soudu, Teplice

Datum a čas kvízu

8 Celkem bodů Celkový počet nahraných bodů na tomto kvízu bez doplňovacích otázek.
10. Pořadí na kvízu Konečné umístění týmu na tomto kvízu.

Zaznamenané odpovědi

# Otázka Odpověď Body Výsledky
1. V úterý organizace Dárek pro P... po Daně Drábové 0
2. Která z asijských zemí si vůbe... Japonsko; Irsko 0
3. Ve Vatikánu se po 491 letech u... Karel III. 0
4. Na Islandu byl zaznamenán prvn... komár 0
5. Která česká sportovkyně a olym... Petra Kvitová 0
6. Dnešní zeměpisné téma otevírám... Golčův Jeníkov, Gmünd 0
7. Které z následujících tvrzení... C 1
8. V další otázce bude vaším úkol... 1A 2C 3B 4D 0
9. Napište název města obsahující... Nagasaki 0
10. V této koláži jsou spojené vla... Gruzie, Guatemala 0